000 00856nam a22002897a 4500
001 0000074
003 KOHA_MİRAKIL
005 20260207001158.0
007 ta
008 081212b2006 tu |||gr||||#||||0|tur |
020 _a975511453X
_c17,690000000000001
040 _aTR-BiSEU
_btur
_cTR-BiSEU
_erda
041 0 _atur
044 _ctu
050 _aTK454
_b.U53 2006
100 1 _aÜnal, Adem.
245 1 _aÇözümlü elektrik devre problemleri/
_cAdem Ünal ; Adem Ünal, Serhat Özenç.
264 1 _aİstanbul :
_bBirsen
_c2006
300 _a2 c.
336 _ametin
_btxt
_2rdacontent
337 _aaracısız
_bn
_2rdamedia
338 _acilt
_bnc
_2rdacarrier
500 _aKaynakça var.
650 0 _aElektrik devreleri--Problemler, sorular vb.
_91705
650 0 _aElectric circuits--Problems, questions etc.
_91706
942 _2lcc
_cBK
999 _c75
_d75